000 00955nam a2200277 i 4500
001 12242
003 ES-MaACL
005 20250818232003.0
007 t|
008 920608s1991 sp |||| | spa j
020 _a84-87191-73-8
080 _a930.255(460.33 M.)
080 _a016:946.033 M."12/14"
080 _a946.033 M."12/14":016
100 1 _aMartínez Carrillo, María de los Llanos.
_977933
245 1 4 _aLos orígenes medievales del Archivo Municipal de Murcia
_b: el índice documental de 1266-1380/1428 /
_cMª de los Llanos Martínez Carrillo.
250 _a1ª ed.
260 _aMadrid :
_bFundación Ramón Areces,
_c1991.
300 _a201 p ;
_c29 cm.
500 _aÍndices.
610 2 7 _aArchivo Municipal de Murcia-
_vCatálogos.
_91462
651 4 _aMurcia-
_xHistoria-
_yS.V-XV-
_vFuentes-
_vBibliografías.
_9167885
710 2 _aFundación Ramón Areces
_94401
852 _aES-MaACL
_jL-19629
999 _c12242
_d12242